| 000 | 00456nam a2200181Ia 4500 | ||
|---|---|---|---|
| 005 | 20240823060924.0 | ||
| 008 | 240823s9999||||xx |||||||||||||| ||und|| | ||
| 041 | _aENGLISH | ||
| 082 | _A333.7 Q3 | ||
| 100 | _aFrancis Cherunilam | ||
| 245 | 0 | _aBusiness Environment : Text and Cases | |
| 250 | _a1st | ||
| 260 |
_c2013 _bHimalaya Publishign |
||
| 500 | _aYES | ||
| 650 |
_aBusiness Environment _bManagement Studies |
||
| 942 | _cBK | ||
| 999 |
_c232287 _d232287 |
||